Представление документа в формате RUSMARC

ПолеНазваниеЗначение
  Тип записи a
  Библиографический уровень a
001 Контрольный номер RU/УОНБ/EK_Kray/528722778
005 Дата корректировки 20251001132338.6
100 Данные общей обработки __
a Данные общей обработки 20161002d2016 ||| 0rusy0189 ca
101 Язык документа 0_
a Язык текста rus
102 Страна публикации __
a Страна публикации RU
105 Кодированные данные (монография) __
a Кодированные данные (монография) y###||||000|y
200 Заглавие и сведения об ответственности 1_
a Заглавие Пропадает родник
f Первые сведения об ответственности Евгений Старостин
215 Физическое описание __
c Иллюстрации/тип воспроизводства 1 фот.
225 Серия 1_
a Серия Актуально
330 Аннотация __
a Аннотация В селе Анненково-Лесное пропадает родник, некогда обеспечивавший водой добрую половину населенного пункта.
461 Уровень набора _0
1 2000
a Ленинец
1 011
463 Уровень физической единицы _0
1 001RU/УОНБ/EK_Kray/528722431
1 2000
a 28 сент
v С. 2
1 210
d 2016
607 Географические рубрики __
a Географическое наименование Анненково-Лесное, село (Майнский район ; Ульяновская область)
610 Ключевые слова 0_
a Ключевые слова родники
610 Ключевые слова 0_
a Ключевые слова охрана водных ресурсов
610 Ключевые слова 0_
a Ключевые слова охрана окружающей среды
610 Ключевые слова 0_
a Ключевые слова охрана природы
686 Индексы других классификаций __
a Классификационный индекс 20.1
2 Код системы rubbk
686 Индексы других классификаций __
a Классификационный индекс 26.222.6
700 Автор _1
a Фамилия Старостин
b Имя (инициалы) Е.
g Полное личное имя Евгений
801 Источник записи _0
a Страна RU
b Организация Ульяновская ОНБ
c Дата составления 20161002
g Правила каталогизации RCR
801 Источник записи _1
a Страна RU
b Организация Ульяновская ОНБ
c Дата составления 20161002
g Правила каталогизации RCR
901 Тип документа __
t Тип документа b
w Контрольный № источника RU/УОНБ/EK_Kray/528722431
909 Создатель записи __
a Создатель записи Образцова
938 Служебная информация __
a Имя БД kraeved_work
b Имя библиотеки УОНБ
c Имя АИБС МАРК-SQL
d Номер DOC_ID в БД 124030